Normal view
MARC view
Entry Topical Term
001 - CONTROL NUMBER
- control field: 24227
003 - CONTROL NUMBER IDENTIFIER
- control field: dpl
005 - DATE AND TIME OF LATEST TRANSACTION
- control field: 20101110161524.0
008 - FIXED-LENGTH DATA ELEMENTS
- fixed length control field: 101110|||a|||||| | ||| d
040 ## - CATALOGING SOURCE
- Original cataloging agency: dpl
- Transcribing agency: dpl
150 ## - HEADING--TOPICAL TERM
- Topical term or geographic name as entry element: Computer science
670 ## - SOURCE DATA FOUND
- Source citation: Work cat.: (dpl)15179: Jain, Satish 1584, BPB course on computer concepts (CCC) :, 2008
670 ## - SOURCE DATA FOUND
- Source citation: Work cat.: (dpl)15179: Jain, Satish 1584, BPB course on computer concepts (CCC) :, 2008
